000 00824nam2a2200205 4500
001 RU\NLR\PER_A\003171853_000290
005 20250623223748.0
035 _a(NLR Aleph) 012189237
090 _a12295617
_c12295617
100 _a20200128d2019 |||y0rusy50 ca
101 0 _arus
102 _aRU
200 0 _aГ. 8 2019, 1
210 _d2019
_aБ. м.
461 0 _1001RU\NLR\Per\928567
_12001#$aFolia petropolitana$eжурнал Богословского института св. Иоанна Златоуста$vГ. 8 2019, 1
_93197269
_cСанкт-Петербург
_d2012 -
_n[б. и.]
_oжурнал Богословского института св. Иоанна Златоуста
_tFolia petropolitana
_x2304-6147
_vГ. 8 2019, 1
852 _aNLR
_jП37/289
942 _cISSUE
980 _aNB
980 _aRUSPER